[Event "Reykjavik Open 2024"]
[Site "Reykjavik ISL"]
[Date "2024.03.15"]
[Round "1.1"]
[White "Gramb, Marius"]
[Black "Deac, Bogdan-Daniel"]
[Result "0-1"]
[BlackTitle "GM"]
[WhiteElo "2142"]
[BlackElo "2690"]
[WhiteFideId "24656593"]
[BlackFideId "1226380"]
[EventDate "2024.03.15"]

1. e4 c5 2. c3 d5 3. exd5 Qxd5 4. d4 Nf6 5. Nf3 e6 6. Na3 Qd8 7. Nc4 Be7 8. Nce5
O-O 9. Be2 cxd4 10. Qxd4 Qxd4 11. Nxd4 Nd5 12. O-O f6 13. Nef3 Rd8 14. c4 Nc7
15. Be3 e5 16. Nc2 Bf5 17. Rac1 Nba6 18. a3 Nc5 19. Bxc5 Bxc5 20. b4 Be7 21.
Rfd1 Rxd1+ 22. Bxd1 a5 23. Ne3 Be6 24. Rb1 axb4 25. axb4 b6 26. Bc2 g6 27. g4
Kg7 28. g5 f5 29. Nxe5 Bxg5 30. c5 bxc5 31. bxc5 Ra5 32. Nd3 Nb5 33. f4 Bf6 34.
Ne5 Bxe5 35. fxe5 Nd4 36. Rb7+ Kh6 37. c6 Rxe5 38. Kf2 f4 39. Ng2 Re2+ 40. Kg1
Rxc2 0-1

[Event "Reykjavik Open 2024"]
[Site "Reykjavik ISL"]
[Date "2024.03.15"]
[Round "1.2"]
[White "Ivanchuk, Vasyl"]
[Black "MacKinnon, Keith"]
[Result "1-0"]
[WhiteTitle "GM"]
[WhiteElo "2625"]
[BlackElo "2142"]
[WhiteFideId "14100010"]
[BlackFideId "2601990"]
[EventDate "2024.03.15"]

1. d4 Nf6 2. c4 e6 3. Nf3 d5 4. Nc3 Bb4 5. Bg5 h6 6. Bxf6 Qxf6 7. Qb3 Nc6 8. e3
dxc4 9. Qxc4 O-O 10. Be2 Bd6 11. O-O a6 12. Rac1 Rb8 13. Rfd1 b5 14. Qb3 Bb7 15.
Ne4 Qe7 16. Nfd2 e5 17. Nxd6 Qxd6 18. d5 Na5 19. Qc3 b4 20. Qc5 Qb6 21. Qxc7
Qxc7 22. Rxc7 Ba8 23. e4 Rb6 24. Rdc1 f5 25. f3 Rf7 26. Rc8+ 1-0

[Event "Reykjavik Open 2024"]
[Site "Reykjavik ISL"]
[Date "2024.03.15"]
[Round "1.3"]
[White "Markuszewski, Maksymilian"]
[Black "Xu, Xiangyu"]
[Result "0-1"]
[BlackTitle "GM"]
[WhiteElo "2141"]
[BlackElo "2623"]
[WhiteFideId "651018306"]
[BlackFideId "8608288"]
[EventDate "2024.03.15"]

1. d4 e6 2. c4 b6 3. a3 Nf6 4. Nc3 Bb7 5. d5 Bd6 6. Nf3 O-O 7. g3 c6 8. Bg2 cxd5
9. cxd5 exd5 10. O-O Na6 11. b4 Nc7 12. Bb2 Re8 13. Rc1 Rc8 14. Qb3 Ba6 15. b5
Bb7 16. Rfd1 Ne6 17. e3 Bf8 18. Qa2 Rc7 19. Nd4 Qa8 20. Nde2 d4 21. Bxb7 Qxb7
22. Nxd4 Ng5 23. h4 Nh3+ 24. Kf1 Qh1+ 25. Ke2 Qg2 26. Rf1 Nh5 27. Ke1 Nxg3 28.
fxg3 Rxe3+ 29. Nde2 d5 30. Qxd5 0-1

[Event "Reykjavik Open 2024"]
[Site "Reykjavik ISL"]
[Date "2024.03.15"]
[Round "1.4"]
[White "Moussard, Jules"]
[Black "Birkisson, Bjorn Holm"]
[Result "1-0"]
[WhiteTitle "GM"]
[WhiteElo "2621"]
[BlackElo "2140"]
[WhiteFideId "642908"]
[BlackFideId "2310600"]
[EventDate "2024.03.15"]

1. e4 c5 2. Nf3 Nc6 3. Bb5 Nf6 4. Nc3 Qc7 5. O-O Nd4 6. Re1 a6 7. Bf1 Ng4 8. g3
Nxf3+ 9. Qxf3 Ne5 10. Qg2 e6 11. d3 Be7 12. f4 Nc6 13. Be3 O-O 14. Qf2 d6 15.
Bg2 Rb8 16. g4 b5 17. Ne2 f5 18. exf5 exf5 19. g5 Be6 20. d4 cxd4 21. Nxd4 Nxd4
22. Bxd4 Bf7 23. a4 b4 24. Qe2 Rfe8 25. Qxa6 d5 26. Be5 Qc5+ 27. Kh1 Rbc8 28. c3
bxc3 29. bxc3 Bd8 30. Bd4 Rxe1+ 31. Rxe1 Qc4 32. Qb7 Qc6 33. Qxc6 Rxc6 34. Re5
Re6 35. Bxd5 Rxe5 36. Bxf7+ Kxf7 37. Bxe5 g6 38. Kg2 Ke6 39. c4 Ba5 40. Kf3 Kd7
41. Ke3 Kc6 42. Kd3 Kc5 43. Bd4+ Kc6 44. Bc3 Bc7 45. Bd2 Bb6 46. a5 Bg1 47. h3
Bc5 48. Be3 Bf8 49. a6 Bg7 50. a7 Kb7 51. Bb6 1-0

[Event "Reykjavik Open 2024"]
[Site "Reykjavik ISL"]
[Date "2024.03.15"]
[Round "1.5"]
[White "Galperin, Platon"]
[Black "Cramling Bellon, Anna"]
[Result "1-0"]
[WhiteTitle "GM"]
[BlackTitle "WFM"]
[WhiteElo "2555"]
[BlackElo "2115"]
[WhiteFideId "14165414"]
[BlackFideId "32009232"]
[EventDate "2024.03.15"]

1. e3 d5 2. d3 e5 3. Ne2 Nf6 4. Nd2 c6 5. Ng3 h5 6. Be2 h4 7. Ngf1 Bd6 8. h3 Be6
9. Nh2 Qd7 10. a3 Na6 11. b4 O-O-O 12. Bb2 d4 13. exd4 exd4 14. Nhf3 Nd5 15.
Nxd4 Nf4 16. O-O Bxh3 17. gxh3 Nxh3+ 18. Kh1 Nxf2+ 19. Rxf2 Qh3+ 20. Kg1 Qg3+
21. Rg2 Qe3+ 22. Kh1 Qh3+ 23. Kg1 Qe3+ 24. Kf1 h3 25. Bg4+ f5 26. Bxf5+ Kb8 27.
Rg1 h2 28. Rh1 Rh4 29. N2f3 Rh6 30. Qe1 Qf4 31. Bc1 Qg3 32. Qxg3 Bxg3 33. Bxh6
gxh6 34. Kg2 Rg8 35. Be6 Rg6 36. Bf7 Rg7 37. Nf5 1-0

[Event "Reykjavik Open 2024"]
[Site "Reykjavik ISL"]
[Date "2024.03.15"]
[Round "1.6"]
[White "George Samir, David"]
[Black "Cornette, Matthieu"]
[Result "1/2-1/2"]
[WhiteTitle "FM"]
[BlackTitle "GM"]
[WhiteElo "2130"]
[BlackElo "2575"]
[WhiteFideId "10657789"]
[BlackFideId "620084"]
[EventDate "2024.03.15"]

1. e4 c5 2. Nf3 Nc6 3. Bb5 g6 4. Bxc6 bxc6 5. O-O Bg7 6. c3 Nf6 7. Re1 O-O 8. d4
cxd4 9. cxd4 d6 10. Nc3 Bg4 11. h3 Bxf3 12. Qxf3 Nd7 13. d5 c5 14. Bd2 c4 15. b3
Rc8 16. bxc4 Ne5 17. Qg3 Nxc4 18. Bf4 Qa5 19. Rac1 Rc7 20. Re2 Na3 21. Nd1 Rxc1
22. Bxc1 Nb5 23. Qd3 Rc8 24. Be3 a6 25. Rc2 Qe1+ 26. Kh2 Rxc2 27. Qxc2 Be5+ 28.
f4 Bd4 29. Qd2 Qxd2 30. Bxd2 f5 31. exf5 gxf5 32. Be3 Bf6 33. Bb6 Kf7 34. a4 Na3
35. Ne3 e6 36. dxe6+ Kxe6 37. g4 1/2-1/2

[Event "Reykjavik Open 2024"]
[Site "Reykjavik ISL"]
[Date "2024.03.15"]
[Round "1.7"]
[White "Pultinevicius, Paulius"]
[Black "Strathmann, Sacha"]
[Result "1-0"]
[WhiteTitle "GM"]
[WhiteElo "2575"]
[BlackElo "2129"]
[WhiteFideId "12809390"]
[BlackFideId "4693825"]
[EventDate "2024.03.15"]

1. d4 Nf6 2. Bg5 c6 3. Bxf6 exf6 4. e3 d5 5. Nf3 Nd7 6. c4 Bb4+ 7. Nfd2 O-O 8.
a3 Bd6 9. Nc3 dxc4 10. Nxc4 Bc7 11. Bd3 Nb6 12. O-O Nxc4 13. Bxc4 f5 14. g3 b5
15. Be2 a5 16. Rc1 Be6 17. Bf3 Ra6 18. Qc2 Bc4 19. Be2 Bxe2 20. Qxe2 Qd7 21.
Rfd1 Bd6 22. d5 Rb8 23. a4 cxd5 24. Rxd5 Rc6 25. Rxb5 Rbc8 26. Rd1 Qe6 27. Rxa5
Bb4 28. Rad5 g6 29. Nb5 Rc2 30. Rd8+ Kg7 31. Nd4 Qe4 32. Nxc2 Rxc2 33. Qd3 Qxd3
34. R1xd3 Kf6 35. R8d5 Rc1+ 36. Rd1 1-0

[Event "Reykjavik Open 2024"]
[Site "Reykjavik ISL"]
[Date "2024.03.15"]
[Round "1.8"]
[White "Stanford, Sheila Barth"]
[Black "Sanal, Vahap"]
[Result "0-1"]
[WhiteTitle "WIM"]
[BlackTitle "GM"]
[WhiteElo "2123"]
[BlackElo "2558"]
[WhiteFideId "1500953"]
[BlackFideId "6300545"]
[EventDate "2024.03.15"]

1. e4 c5 2. Nc3 a6 3. Nf3 e6 4. d4 cxd4 5. Nxd4 Qc7 6. Bd3 Nf6 7. Qe2 d6 8. Be3
b5 9. O-O-O Be7 10. g4 b4 11. Nb1 Bb7 12. Nd2 Nc6 13. g5 Nd7 14. f4 Nc5 15. Rhg1
Nxd3+ 16. Qxd3 Rc8 17. Kb1 Nxd4 18. Bxd4 e5 19. Be3 O-O 20. Rc1 d5 21. fxe5 Qxe5
22. Bd4 dxe4 23. Bxe5 exd3 24. cxd3 Rxc1+ 25. Kxc1 Rd8 26. Kc2 Kf8 27. Nc4 Bc8
28. Rg3 Be6 29. h4 f6 30. gxf6 gxf6 31. Rf3 Kg7 32. Bg3 Bg4 33. Rf2 Bc5 34. Rd2
Bf5 35. Bf4 Rd4 36. Rg2+ Kf7 37. Be3 Rxc4+ 38. Kb3 Bxd3 39. Rd2 Bxe3 40. Rxd3
Re4 0-1

[Event "Reykjavik Open 2024"]
[Site "Reykjavik ISL"]
[Date "2024.03.15"]
[Round "1.9"]
[White "Li, Harry"]
[Black "Can, Emre"]
[Result "0-1"]
[BlackTitle "GM"]
[WhiteElo "2107"]
[BlackElo "2551"]
[WhiteFideId "430145"]
[BlackFideId "6302181"]
[EventDate "2024.03.15"]

1. e4 c5 2. Nf3 Nc6 3. d4 cxd4 4. Nxd4 g6 5. c4 Qb6 6. Nb3 Bg7 7. Be2 d6 8. O-O
a5 9. Be3 Qd8 10. Nd4 Nf6 11. Nc3 O-O 12. Re1 Bd7 13. h3 Nxd4 14. Bxd4 Bc6 15.
Qd3 a4 16. Bf1 Nd7 17. Bxg7 Kxg7 18. Nd5 Nc5 19. Qd4+ e5 20. Qe3 Bxd5 21. cxd5
Qb6 22. Re2 Qb4 23. Qc3 Qxc3 24. bxc3 a3 25. Re3 f5 26. exf5 gxf5 27. f3 Kf6 28.
Rb1 f4 29. Ree1 Rg8 30. Kf2 e4 31. fxe4 Rg3 32. e5+ dxe5 33. Rb6+ Kf5 34. Rh6 e4
35. Rxh7 Rag8 36. Rd1 Rxc3 37. d6 Rc2+ 38. Kg1 e3 39. Re7 Rd8 40. Bb5 Kf6 41.
Rc7 b6 42. d7 Rxa2 43. Rd6+ Ke7 44. Rxb6 e2 45. Kf2 Ne4+ 46. Ke1 Ng3 47. Rc1 Rb2
48. Rb7 a2 49. Bc6 Rxb7 50. Bxb7 Rxd7 51. Bf3 Rd1+ 0-1

[Event "Reykjavik Open 2024"]
[Site "Reykjavik ISL"]
[Date "2024.03.15"]
[Round "1.10"]
[White "Maze, Sebastien"]
[Black "Gikas, Andreas Basilius"]
[Result "1-0"]
[WhiteTitle "GM"]
[WhiteElo "2551"]
[BlackElo "2104"]
[WhiteFideId "613762"]
[BlackFideId "4623509"]
[EventDate "2024.03.15"]

1. e4 Nf6 2. e5 Nd5 3. d4 d6 4. c4 Nb6 5. exd6 cxd6 6. Nc3 g6 7. h3 Bg7 8. Nf3
O-O 9. Be2 Bf5 10. O-O Nc6 11. Bg5 h6 12. Be3 d5 13. c5 Nc4 14. Bc1 e5 15. dxe5
N6xe5 16. Nd4 Bc8 17. b3 Nc6 18. Nxc6 bxc6 19. bxc4 Bxc3 20. Bxh6 Be6 21. Rc1
Bg7 22. Bxg7 Kxg7 23. Qa4 dxc4 24. Bxc4 Bxc4 25. Rxc4 Qc7 26. Rd1 Rab8 27. Rd6
Rb5 28. Rh4 f6 29. Qd4 Rf7 30. Re4 Qb8 31. Re7 Rb1+ 32. Kh2 Qb2 33. Rxf7+ Kxf7
34. Rd7+ Kg8 35. Qc4+ Kh8 36. Qh4+ 1-0

[Event "Reykjavik Open 2024"]
[Site "Reykjavik ISL"]
[Date "2024.03.15"]
[Round "1.11"]
[White "Rittmann, Dirk"]
[Black "Adhiban, Baskaran"]
[Result "0-1"]
[BlackTitle "GM"]
[WhiteElo "2103"]
[BlackElo "2541"]
[WhiteFideId "4629574"]
[BlackFideId "5018471"]
[EventDate "2024.03.15"]

1. e4 c5 2. Nf3 d6 3. d4 cxd4 4. Nxd4 Nf6 5. Nc3 Nc6 6. Bg5 e6 7. Qd2 a6 8. f4
h6 9. Bxf6 Qxf6 10. O-O-O Nxd4 11. Qxd4 Qxf4+ 12. Kb1 Qe5 13. Qb6 Be7 14. Be2
Bd8 15. Qxd6 Qxd6 16. Rxd6 Bc7 17. Rd3 Bd7 18. g4 Ke7 19. h3 Bc6 20. Rf1 Be5 21.
Bf3 Rhd8 22. Rfd1 g5 23. Rxd8 Rxd8 24. Rxd8 Kxd8 25. Ne2 f5 26. c3 fxe4 27. Bg2
Kc7 28. Kc2 Kd6 29. Nc1 Bf4 30. Nb3 e3 0-1

[Event "Reykjavik Open 2024"]
[Site "Reykjavik ISL"]
[Date "2024.03.15"]
[Round "1.13"]
[White "Reimer, Philip"]
[Black "Klimkowski, Jan"]
[Result "0-1"]
[BlackTitle "IM"]
[WhiteElo "2095"]
[BlackElo "2532"]
[WhiteFideId "16235860"]
[BlackFideId "21856222"]
[EventDate "2024.03.15"]

1. e4 c6 2. d4 d5 3. e5 Bf5 4. Nf3 e6 5. Be2 Ne7 6. O-O c5 7. dxc5 Nec6 8. Be3
Nd7 9. c4 dxc4 10. Na3 Bxc5 11. Bxc5 Nxc5 12. Nxc4 O-O 13. Rc1 Bg6 14. Nd6 Qb6
15. Nc4 Qd8 16. Nd6 b6 17. a3 a5 18. Bb5 Ne7 19. b4 axb4 20. axb4 Na6 21. Qd4
Nc7 22. Qxb6 Ned5 23. Qc5 Nxb5 24. Nxb5 Bd3 25. Rfe1 Bxb5 26. Qxb5 Rb8 27. Qc5
Rxb4 28. g3 Rb2 29. Rc2 Rb7 30. Qd4 Rb3 31. Qe4 Rb4 32. Rc4 Rb8 33. Rec1 h6 34.
Kg2 Qa5 35. Nd4 Qa8 36. Nf3 Rb2 37. R4c2 Rb3 38. Rc6 Nb4 39. R6c4 Nd5 40. Rc6
Qb7 41. Nd2 Rb5 42. Kg1 Rd8 43. R6c2 Qb8 44. Nf3 Rb4 45. Rc4 Rxc4 46. Qxc4 Qb2
47. Re1 Ra8 48. Qe2 Qc3 49. Kg2 Ra3 50. Rb1 g6 51. Qe4 Ra2 52. Kg1 Qc5 53. Qd4
Qc2 54. Re1 Kg7 55. Kg2 Ne7 56. Rd1 Nf5 57. Qd2 Qb3 58. Qd8 Qxd1 0-1

[Event "Reykjavik Open 2024"]
[Site "Reykjavik ISL"]
[Date "2024.03.15"]
[Round "1.14"]
[White "Yilmazyerli, Mert"]
[Black "Pollack, Oscar"]
[Result "1-0"]
[WhiteTitle "GM"]
[WhiteElo "2526"]
[BlackElo "2092"]
[WhiteFideId "6305962"]
[BlackFideId "429414"]
[EventDate "2024.03.15"]

1. e4 e6 2. d4 d5 3. Nd2 Nf6 4. e5 Nfd7 5. c3 c5 6. f4 Nc6 7. Ndf3 Qb6 8. g3
cxd4 9. cxd4 Bb4+ 10. Kf2 f6 11. Kg2 fxe5 12. fxe5 O-O 13. Bd3 Nxd4 14. Nxd4
Nxe5 15. Ngf3 Nxf3 16. Nxf3 e5 17. Bc2 Bg4 18. Qxd5+ Kh8 19. Be4 Qa6 20. Rf1
Bh3+ 21. Kxh3 Qxf1+ 22. Kg4 h5+ 23. Kh4 Be7+ 24. Bg5 Bxg5+ 25. Nxg5 Qxa1 26.
Qxb7 Qf1 27. Qc6 Qf6 28. Qxf6 gxf6 29. Ne6 Rab8 30. Nxf8 Rxf8 31. Kxh5 f5 32.
Bd5 f4 33. Kg4 Kg7 34. b3 Rd8 35. Be4 fxg3 36. hxg3 Kf6 37. Kf3 Kg5 38. g4 Rc8
39. Bf5 Kf6 40. Bxc8 1-0

[Event "Reykjavik Open 2024"]
[Site "Reykjavik ISL"]
[Date "2024.03.15"]
[Round "1.17"]
[White "Sivanandan, Bodhana"]
[Black "Prraneeth, Vuppala"]
[Result "0-1"]
[WhiteTitle "WCM"]
[BlackTitle "GM"]
[WhiteElo "2088"]
[BlackElo "2506"]
[WhiteFideId "497592"]
[BlackFideId "46622373"]
[EventDate "2024.03.15"]

1. e4 c5 2. Nc3 d6 3. f4 g6 4. Nf3 Bg7 5. Bb5+ Bd7 6. a4 Nc6 7. d3 a6 8. Bxc6
Bxc6 9. a5 Nf6 10. O-O O-O 11. Qe1 e6 12. e5 dxe5 13. Nxe5 Rc8 14. Be3 Nd7 15.
Nc4 Qc7 16. Qf2 Bd5 17. Na4 Bxc4 18. dxc4 Rfd8 19. Rfd1 Qxa5 20. Bd2 Qc7 21. Qf3
b5 22. cxb5 axb5 23. Nc3 b4 24. Na4 Nb6 25. Nxb6 Qxb6 26. c3 h5 27. Be1 Qb5 28.
h3 Bf6 29. Rac1 b3 30. Kh2 c4 31. Bf2 Qf5 32. Be3 h4 33. Qf2 Rd5 34. Rxd5 Qxd5
35. Bd4 Bxd4 36. Qxd4 Qxd4 37. cxd4 Kg7 38. Kg1 Kf6 39. Kf2 Kf5 40. Kf3 c3 41.
bxc3 b2 42. Rb1 Rxc3+ 43. Kf2 Rb3 44. Ke2 Kxf4 45. Kd2 Kg3 46. Kc2 Rb8 47. Rxb2
Rxb2+ 48. Kxb2 Kxg2 49. Kc3 Kxh3 50. Kd3 Kg3 51. Ke4 h3 52. Ke5 h2 53. Kf6 h1=Q
54. Kxf7 Qd5 55. Kxg6 Qf5+ 56. Kg7 Kg4 57. Kg8 Kg5 58. Kg7 Qf6+ 59. Kg8 Kg6 60.
d5 Qg7# 0-1

[Event "Reykjavik Open 2024"]
[Site "Reykjavik ISL"]
[Date "2024.03.15"]
[Round "1.18"]
[White "Suleymenov, Alisher"]
[Black "Schliebener, Stephan"]
[Result "1-0"]
[WhiteTitle "GM"]
[WhiteElo "2506"]
[BlackElo "2088"]
[WhiteFideId "13707833"]
[BlackFideId "4621662"]
[EventDate "2024.03.15"]

1. d4 Nf6 2. c4 e6 3. Nf3 Bb4+ 4. Bd2 Qe7 5. g3 O-O 6. Bg2 Bxd2+ 7. Qxd2 d5 8.
O-O Nbd7 9. b3 Ne4 10. Qc2 c6 11. Ne1 f5 12. Nd3 b6 13. cxd5 cxd5 14. Nd2 Nxd2
15. Qxd2 Bb7 16. Rfc1 Rfc8 17. b4 Ba6 18. Nb2 Nf6 19. a4 Ne4 20. Qe1 Rxc1 21.
Rxc1 Rc8 22. b5 Bb7 23. Rxc8+ Bxc8 24. Qc1 Nd6 25. Nd3 a6 26. bxa6 Bxa6 27. Nf4
Bb7 28. Qe3 Kf7 29. Qe5 Nc4 30. Qb8 Bc6 31. Qh8 h6 32. Bf3 Qf6 33. Qc8 Bxa4 34.
Bh5+ Ke7 35. Qc7+ Kf8 36. Ng6+ Ke8 37. Qc8+ 1-0

[Event "Reykjavik Open 2024"]
[Site "Reykjavik ISL"]
[Date "2024.03.15"]
[Round "1.20"]
[White "Balakrishnan, Praveen"]
[Black "Beisteiner, Joachim"]
[Result "1-0"]
[WhiteTitle "GM"]
[WhiteElo "2490"]
[BlackElo "2079"]
[WhiteFideId "2064871"]
[BlackFideId "1682296"]
[EventDate "2024.03.15"]

1. d4 d5 2. Nf3 e6 3. c4 Nf6 4. Nc3 Be7 5. Bf4 O-O 6. e3 b6 7. Be2 Bb7 8. cxd5
Nxd5 9. Nxd5 Qxd5 10. Bxc7 Bb4+ 11. Kf1 Nc6 12. a3 Be7 13. Kg1 Rac8 14. Bg3 Rfd8
15. h3 Bd6 16. Kh2 Bxg3+ 17. fxg3 e5 18. dxe5 Qe4 19. Qb1 Qxe3 20. Re1 Qf2 21.
Bf1 Nd4 22. Nxd4 Qxd4 23. Re2 Re8 24. Qf5 Rc5 25. Qf4 Qd7 26. Rae1 Qe6 27. Rf2
h6 28. Bd3 Bd5 29. Bb1 Bb3 30. Rfe2 Bc4 31. Rd2 Bd5 32. Qd4 Ba2 33. Bxa2 Qxa2
34. b4 Rc2 35. Rxc2 Qxc2 36. Qd7 Re6 37. Qxa7 Kh7 38. Qxf7 1-0

[Event "Reykjavik Open 2024"]
[Site "Reykjavik ISL"]
[Date "2024.03.15"]
[Round "1.21"]
[White "Payne, Matthew J"]
[Black "Stefansson, Hannes"]
[Result "1/2-1/2"]
[BlackTitle "GM"]
[WhiteElo "2077"]
[BlackElo "2481"]
[WhiteFideId "417084"]
[BlackFideId "2300087"]
[EventDate "2024.03.15"]

1. e4 c5 2. Nf3 e6 3. Nc3 a6 4. g3 b5 5. d4 cxd4 6. Nxd4 b4 7. Na4 Bb7 8. Bg2
Nf6 9. O-O d5 10. exd5 Bxd5 11. Bxd5 Nxd5 12. c4 bxc3 13. bxc3 Nf6 14. Rb1 Nbd7
15. Re1 Rc8 16. Qf3 Bc5 17. Nxc5 Nxc5 18. Ba3 O-O 19. Nb3 Nfd7 20. Nxc5 Nxc5 21.
Qe3 Qa5 22. Bb4 Qc7 23. Red1 h6 24. Rd4 Qb6 25. Rbd1 Rfe8 26. Rc4 Na4 27. Rxc8
Rxc8 28. Qxb6 1/2-1/2

[Event "Reykjavik Open 2024"]
[Site "Reykjavik ISL"]
[Date "2024.03.15"]
[Round "1.22"]
[White "Steingrimsson, Hedinn"]
[Black "Jaksland, Tim"]
[Result "1-0"]
[WhiteTitle "GM"]
[BlackTitle "FM"]
[WhiteElo "2477"]
[BlackElo "2076"]
[WhiteFideId "2300117"]
[BlackFideId "1401084"]
[EventDate "2024.03.15"]

1. d4 Nf6 2. c4 e6 3. Nc3 Bb4 4. e3 O-O 5. Ne2 c6 6. a3 Ba5 7. b4 Bc7 8. Bb2 d5
9. Ng3 Nbd7 10. Qc2 Re8 11. Rd1 Nf8 12. Be2 Ng6 13. O-O Qe7 14. f4 Nh4 15. e4
dxe4 16. Ncxe4 Nxe4 17. Nxe4 a5 18. Qc3 f6 19. Rfe1 Ng6 20. g3 axb4 21. axb4 e5
22. fxe5 fxe5 23. d5 cxd5 24. cxd5 Bd6 25. Nxd6 Qxd6 26. Qc5 Qxc5+ 27. bxc5 Ra2
28. Rd2 Ra5 29. Rc1 Bf5 30. c6 bxc6 31. dxc6 Kf7 32. Rf1 1-0

[Event "Reykjavik Open 2024"]
[Site "Reykjavik ISL"]
[Date "2024.03.15"]
[Round "1.23"]
[White "Barthel, Ansgar"]
[Black "Zhu, Jiner"]
[Result "0-1"]
[BlackTitle "GM"]
[WhiteElo "2073"]
[BlackElo "2467"]
[WhiteFideId "4643461"]
[BlackFideId "8608059"]
[EventDate "2024.03.15"]

1. e4 c5 2. Nf3 Nc6 3. d4 cxd4 4. Nxd4 Nf6 5. Nc3 e6 6. Ndb5 Bc5 7. Bf4 O-O 8.
Bc7 Qe7 9. Bd6 Bxd6 10. Qxd6 Qd8 11. O-O-O a6 12. Nd4 Ne7 13. h4 b5 14. h5 Ne8
15. Qh2 h6 16. g4 Bb7 17. Bg2 b4 18. Nce2 Nf6 19. g5 hxg5 20. h6 Ng4 21. Qg3
Nxh6 22. Qxg5 Ng6 23. Nxe6 Qxg5+ 24. Nxg5 f6 25. Nh3 Nh4 26. Bf1 Bxe4 27. Rg1
Nf3 28. Ng3 Nxg1 29. Nxe4 Nxh3 30. Bxh3 Nf7 31. Bxd7 Rfd8 32. Rg1 Ng5 33. Nc5
Ra7 34. f4 Nf7 35. Bf5 Rd5 36. Ne6 Rxf5 37. Nxg7 Rd5 38. Ne6+ Kh7 39. Nf8+ Kh6
40. Rh1+ Rh5 0-1

[Event "Reykjavik Open 2024"]
[Site "Reykjavik ISL"]
[Date "2024.03.15"]
[Round "1.24"]
[White "Kjartansson, Gudmundur"]
[Black "Schroer, Marcel"]
[Result "1-0"]
[WhiteTitle "GM"]
[WhiteElo "2465"]
[BlackElo "2073"]
[WhiteFideId "2301318"]
[BlackFideId "1012908"]
[EventDate "2024.03.15"]

1. c4 c6 2. Nf3 d5 3. e3 Nf6 4. Nc3 g6 5. d4 Bg7 6. Be2 O-O 7. O-O dxc4 8. Bxc4
Bg4 9. h3 Bxf3 10. Qxf3 Nbd7 11. Rd1 e5 12. Bb3 Qe7 13. Bd2 e4 14. Qf4 Nb6 15.
a3 Rfe8 16. Rac1 Rad8 17. Qh4 h6 18. Rc2 Kh7 19. Rf1 Nfd5 20. Qxe7 Rxe7 21. Na2
f5 22. a4 a6 23. Ba5 Rdd7 24. Nc3 Bf6 25. Bxb6 Nxb6 26. a5 Nd5 27. Nxd5 cxd5 28.
Rc5 Rg7 29. Rxd5 Rxd5 30. Bxd5 Rc7 31. Rb1 Rd7 32. Be6 Rc7 33. b4 f4 34. Bd5
fxe3 35. fxe3 Bg5 36. Rb3 Rd7 37. Be6 Rc7 38. g3 Kg7 39. h4 Be7 40. Bd5 g5 41.
h5 Bd6 42. Kg2 Re7 43. b5 1-0

[Event "Reykjavik Open 2024"]
[Site "Reykjavik ISL"]
[Date "2024.03.15"]
[Round "1.25"]
[White "Fridjonsson, Julius"]
[Black "Stefansson, Vignir Vatnar"]
[Result "0-1"]
[BlackTitle "GM"]
[WhiteElo "2070"]
[BlackElo "2464"]
[WhiteFideId "2300842"]
[BlackFideId "2308649"]
[EventDate "2024.03.15"]

1. c4 e6 2. e4 d5 3. cxd5 exd5 4. exd5 Nf6 5. Nc3 Nxd5 6. Bc4 Nb6 7. Bb5+ c6 8.
Be2 Be7 9. d4 O-O 10. Nf3 Be6 11. O-O N8d7 12. Bf4 Nf6 13. Qc2 Nbd5 14. Bg3 h6
15. Rad1 Qa5 16. Nxd5 Bxd5 17. b3 Be4 18. Qb2 Ba3 19. Qa1 Nd5 20. Nd2 Nc3 21.
Nxe4 Nxe2+ 22. Kh1 Rad8 23. f3 Bb4 24. Be1 Bxe1 25. Rfxe1 Nxd4 26. Qb2 c5 27.
Re3 Ne6 28. Ree1 b6 29. Qf2 Nd4 30. Rd2 f5 31. Ng3 Nxf3 32. Rxd8 Qxe1+ 33. Qxe1
Nxe1 34. Rxf8+ Kxf8 35. Nxf5 Nd3 0-1

[Event "Reykjavik Open 2024"]
[Site "Reykjavik ISL"]
[Date "2024.03.15"]
[Round "1.26"]
[White "Hjartarson, Johann"]
[Black "Ptacnikova, Lenka"]
[Result "1/2-1/2"]
[WhiteTitle "GM"]
[BlackTitle "WGM"]
[WhiteElo "2460"]
[BlackElo "2067"]
[WhiteFideId "2300044"]
[BlackFideId "305650"]
[EventDate "2024.03.15"]

1. d4 Nf6 2. c4 e6 3. Nf3 b6 4. e3 Bb7 5. Bd3 Be7 6. O-O O-O 7. b3 Be4 8. Bb2 d5
9. cxd5 exd5 10. Nc3 Bxd3 11. Qxd3 a5 12. Rfd1 Re8 13. Rac1 c6 14. Ne5 Bd6 15.
Na4 Qc7 16. Rc2 Ne4 17. f3 b5 18. fxe4 dxe4 19. Qxe4 bxa4 20. Qf5 axb3 21. axb3
Qe7 22. Nc4 Bb4 23. Rf2 Ra7 24. d5 cxd5 25. Rxd5 Nd7 26. Bxg7 Kxg7 27. Qg4+ Kf8
28. Qd4 Qe6 29. Rdf5 Rc7 30. Rxf7+ Qxf7 31. Qh8+ Ke7 32. Rxf7+ Kxf7 33. Qxh7+
Kf6 34. Qh6+ Ke7 35. Qg5+ Ke6 36. Qg4+ Ke7 37. h4 Rf8 38. Qe4+ Kd8 39. h5 Nf6
40. Qd4+ Rd7 41. Qf4 Bc3 42. Qf3 Rg8 43. h6 Rg6 44. e4 Bd4+ 45. Kf1 Nxe4 46.
Qf8+ Kc7 47. Qf4+ Kd8 48. Qf8+ Kc7 49. Qf4+ Kd8 50. Qf8+ 1/2-1/2

[Event "Reykjavik Open 2024"]
[Site "Reykjavik ISL"]
[Date "2024.03.15"]
[Round "1.27"]
[White "Halldorsson, Bragi"]
[Black "Seemann, Jakub"]
[Result "0-1"]
[BlackTitle "IM"]
[WhiteElo "2056"]
[BlackElo "2451"]
[WhiteFideId "2300907"]
[BlackFideId "21874697"]
[EventDate "2024.03.15"]

1. d4 Nf6 2. c4 e6 3. Nc3 Bb4 4. f3 d5 5. e3 O-O 6. a3 Bxc3+ 7. bxc3 c5 8. cxd5
Nxd5 9. Bd2 Nc6 10. Bd3 e5 11. c4 Nb6 12. d5 e4 13. Be2 Ne5 14. Rc1 Qh4+ 15. g3
Qe7 16. Rc3 exf3 17. Nxf3 Bh3 18. Nxe5 Qxe5 19. Bf3 Rfe8 20. Kf2 Bf5 21. Re1 Be4
22. Bxe4 Qxe4 23. Qc2 Nc8 24. Qxe4 Rxe4 25. Ke2 Nd6 26. Kd3 Rae8 27. Rf1 b5 28.
cxb5 c4+ 29. Ke2 Nxb5 30. Rcc1 c3 31. Bxc3 Rxe3+ 32. Kd2 Nxa3 33. Bb4 Rb3 34.
Rc7 Rxb4 35. Rfxf7 Rd4+ 36. Kc1 Rc4+ 0-1